[Event "Lindores Abbey Tal Blitz 2021"]
[Site "Riga"]
[Date "2021.11.08"]
[Round "10.31"]
[White "Sadhwani, Raunak"]
[Black "Volokitin, Andrei"]
[Result "0-1"]
[WhiteElo "2609"]
[BlackElo "2656"]
[Annotator "ChessBase"]
[PlyCount "74"]
[EventDate "2021.11.02"]
[EventType "swiss"]
[EventCountry "LAT"]
[SourceTitle "playchess.com"]
[Source "ChessBase"]
[SourceQuality "1"]

1. c4 Nf6 2. Nc3 c5 3. Nf3 d5 4. cxd5 Nxd5 5. e3 e6 6. Bc4 Be7 7. O-O O-O 8.
Qe2 a6 9. a4 Nc6 10. Rd1 Na5 11. Ba2 Nb4 12. Bb1 c4 13. Nd4 g6 14. d3 e5 15.
Nf3 cxd3 16. Bxd3 Nxd3 17. Rxd3 Qe8 18. Nd5 e4 19. Rc3 exf3 20. Qxf3 Bd8 21. e4
f6 22. b4 Nc6 23. Bb2 Be6 24. Re3 Ne5 25. Qe2 Rc8 26. Bd4 Nc4 27. Nf4 Nxe3 28.
Qxe3 Bf7 29. Nd3 Rc4 30. Re1 Qxa4 31. e5 Re8 32. Bb2 Qb3 33. Ba1 Rc2 34. h4 Ra2
35. Qd4 Qd5 36. Qc3 Qc4 37. e6 Qxc3 0-1

[Event "Lindores Abbey Tal Blitz 2021"]
[Site "Riga"]
[Date "2021.11.08"]
[Round "10.32"]
[White "Oparin, Grigoriy"]
[Black "Meshkovs, Nikita"]
[Result "1-0"]
[WhiteElo "2659"]
[BlackElo "2557"]
[Annotator "ChessBase"]
[PlyCount "89"]
[EventDate "2021.11.02"]
[EventType "swiss"]
[EventCountry "LAT"]
[SourceTitle "playchess.com"]
[Source "ChessBase"]
[SourceQuality "1"]

1. Nf3 d5 2. g3 Nc6 3. d4 Bf5 4. Bg2 Nb4 5. Na3 e6 6. c3 Na6 7. Nh4 Bg4 8. Qb3
Qc8 9. e4 dxe4 10. Bxe4 c6 11. Nc4 Nf6 12. Bg2 Be7 13. Na5 Rb8 14. O-O O-O 15.
h3 Bh5 16. Re1 Nd5 17. Nf3 b6 18. Nc4 c5 19. Nce5 b5 20. g4 Bg6 21. h4 cxd4 22.
h5 Nc5 23. Qd1 Be4 24. cxd4 Bxf3 25. Bxf3 Nd7 26. h6 Nxe5 27. Rxe5 Bf6 28. hxg7
Rd8 29. Rh5 Ne7 30. Be3 Ng6 31. d5 exd5 32. Rxd5 Qe6 33. Qb3 Ne5 34. Rxd8+ Rxd8
35. Bg2 Qxg4 36. Bxa7 Rd3 37. Qc2 Nf3+ 38. Kf1 Rd2 39. Qc6 Nh2+ 40. Kg1 Bh4 41.
Qe8+ Kxg7 42. Kxh2 Bf6 43. Qe3 Rd6 44. Bh3 Qh4 45. Rg1+ 1-0

[Event "Lindores Abbey Tal Blitz 2021"]
[Site "Riga"]
[Date "2021.11.08"]
[Round "10.33"]
[White "Ernst, Sipke"]
[Black "Sargissian, Gabriel"]
[Result "0-1"]
[WhiteElo "2532"]
[BlackElo "2664"]
[Annotator "ChessBase"]
[PlyCount "170"]
[EventDate "2021.11.02"]
[EventType "swiss"]
[EventCountry "LAT"]
[SourceTitle "playchess.com"]
[Source "ChessBase"]
[SourceQuality "1"]

1. d4 Nf6 2. c4 e6 3. g3 d5 4. Nf3 Bb4+ 5. Bd2 Be7 6. Bg2 O-O 7. O-O c6 8. Qc2
Nbd7 9. Rc1 Ne4 10. Be1 f5 11. b4 Nb6 12. Nbd2 Bxb4 13. Nxe4 Bxe1 14. Neg5 Ba5
15. c5 Nc4 16. h4 Qf6 17. Qb3 Nd2 18. Qa4 Nxf3+ 19. exf3 Bd2 20. Rc2 Bxg5 21.
hxg5 Qxg5 22. f4 Qf6 23. Rb1 h6 24. Qa5 Qxd4 25. Qc7 Qf6 26. Re2 Qd8 27. Qe5
Qf6 28. Qc7 Rf7 29. Qa5 Qe7 30. Bf3 Qc7 31. Qc3 b6 32. Rc1 Bd7 33. Bh5 Rf6 34.
Kg2 Rb8 35. Bf3 Qd8 36. a4 b5 37. axb5 Rxb5 38. Ra2 Qb8 39. Be2 Rb3 40. Qd4 Rf7
41. Rca1 Be8 42. Bd1 Rb4 43. Qe3 Re4 44. Qc3 Qb4 45. Qxb4 Rxb4 46. Bh5 Re7 47.
Bxe8 Rxe8 48. Rxa7 Reb8 49. Rc7 R4b7 50. Rxc6 Kf7 51. Raa6 Re7 52. Rcb6 Rc8 53.
Rc6 Rb8 54. Rcb6 Rc8 55. Rc6 Rxc6 56. Rxc6 Ra7 57. Rb6 Ra3 58. Rb7+ Kf6 59. Rc7
Rc3 60. Kf1 g5 61. Ke2 gxf4 62. gxf4 h5 63. Kf1 Rc4 64. c6 Rxf4 65. Kg2 Rc4 66.
Rc8 h4 67. f4 Ke7 68. Kf3 Kd6 69. Rh8 h3 70. Ke3 Rxc6 71. Rxh3 Rc3+ 72. Kd4 Rc1
73. Rf3 Re1 74. Rf2 Re4+ 75. Kd3 Ke7 76. Rf1 Kf6 77. Rf2 Kg6 78. Rg2+ Kf7 79.
Rf2 Ke7 80. Rf1 Kd6 81. Rf2 d4 82. Kc4 Ke7 83. Rf1 Kf6 84. Rf2 Kg6 85. Rf1 Kh5
0-1

[Event "Lindores Abbey Tal Blitz 2021"]
[Site "Riga"]
[Date "2021.11.08"]
[Round "10.34"]
[White "Demchenko, Anton"]
[Black "Zhou, Jianchao"]
[Result "1/2-1/2"]
[WhiteElo "2655"]
[BlackElo "2616"]
[Annotator "ChessBase"]
[PlyCount "111"]
[EventDate "2021.11.02"]
[EventType "swiss"]
[EventCountry "LAT"]
[SourceTitle "playchess.com"]
[Source "ChessBase"]
[SourceQuality "1"]

1. e4 c5 2. Nf3 d6 3. d4 cxd4 4. Qxd4 Nc6 5. Qe3 Nf6 6. Nc3 g6 7. h3 Bg7 8. Bc4
O-O 9. O-O Bd7 10. Rd1 Rc8 11. Qe2 Na5 12. Bd3 Nc6 13. Bc4 Na5 14. Bb3 Nxb3 15.
axb3 a6 16. e5 dxe5 17. Nxe5 Qe8 18. Nxd7 Nxd7 19. Bg5 Nf6 20. Rd3 h6 21. Bf4
Rd8 22. Re1 Rxd3 23. Qxd3 Qd8 24. Qxd8 Rxd8 25. Rxe7 b5 26. Rb7 Nd5 27. Nxd5
Rxd5 28. Rb8+ Kh7 29. Rb6 Bxb2 30. Rxa6 Rc5 31. Rb6 Bd4 32. Bg3 Rxc2 33. Rxb5
g5 34. Kf1 Rb2 35. Rb7 Kg6 36. b4 h5 37. h4 f6 38. b5 Kf5 39. Ke1 Kg4 40. hxg5
fxg5 41. Rd7 Bc3+ 42. Kd1 h4 43. Rd3 Bf6 44. Bc7 Rxb5 45. f3+ Kf5 46. Rd2 Rc5
47. Bb6 Rb5 48. Be3 Be5 49. Ke2 Bg3 50. Rc2 Re5 51. Kd3 Rd5+ 52. Ke2 Re5 53.
Rc5 Rxc5 54. Bxc5 g4 55. fxg4+ Kxg4 56. Be7 1/2-1/2

[Event "Lindores Abbey Tal Blitz 2021"]
[Site "Riga"]
[Date "2021.11.08"]
[Round "10.35"]
[White "Kovalev, Vladislav"]
[Black "Tregubov, Pavel V."]
[Result "1-0"]
[WhiteElo "2634"]
[BlackElo "2537"]
[Annotator "ChessBase"]
[PlyCount "129"]
[EventDate "2021.11.02"]
[EventType "swiss"]
[EventCountry "LAT"]
[SourceTitle "playchess.com"]
[Source "ChessBase"]
[SourceQuality "1"]

1. e4 e5 2. Nf3 Nf6 3. Nc3 Nc6 4. h3 a6 5. d4 exd4 6. Nxd4 Bb4 7. Nxc6 bxc6 8.
Bd3 O-O 9. O-O d5 10. exd5 cxd5 11. Qf3 Rb8 12. Rd1 Bb7 13. Bg5 Be7 14. Ne2 h6
15. Bf4 Bd6 16. Bxd6 Qxd6 17. Nd4 Ne4 18. c4 Ng5 19. Qg4 dxc4 20. Bxc4 Qf6 21.
Qf5 Ne4 22. Qxf6 Nxf6 23. b3 Rbd8 24. Nf5 Rfe8 25. Ne3 Kf8 26. Kf1 a5 27. Bb5
Rxd1+ 28. Rxd1 Re5 29. Bc4 a4 30. bxa4 Ra5 31. Bb3 Bc6 32. Nc4 Ra7 33. a5 Bb5
34. Kg1 Bxc4 35. Bxc4 Rxa5 36. Bb3 Ne4 37. Rd7 Nd6 38. Rxc7 Re5 39. Rd7 Re1+
40. Kh2 Ne4 41. Rxf7+ Ke8 42. Rf4 Nd2 43. h4 Nxb3 44. axb3 Rb1 45. b4 Rb3 46.
h5 Ke7 47. g3 Ke6 48. Kg2 Ke7 49. g4 Ke6 50. f3 Rb1 51. Re4+ Kf6 52. Kg3 Rb2
53. Kf4 Rb3 54. Rc4 Ke6 55. Rc6+ Kf7 56. Rb6 Ke7 57. Ke4 Kf7 58. f4 Kg8 59. b5
Rb1 60. Kf5 Kh7 61. Rb7 Rb4 62. g5 hxg5 63. fxg5 Rb1 64. h6 Kh8 65. Kg6 1-0

[Event "Lindores Abbey Tal Blitz 2021"]
[Site "Riga"]
[Date "2021.11.08"]
[Round "10.36"]
[White "Ganguly, Surya Shekhar"]
[Black "Munguntuul, Batkhuyag"]
[Result "1/2-1/2"]
[WhiteElo "2633"]
[BlackElo "2433"]
[Annotator "ChessBase"]
[PlyCount "56"]
[EventDate "2021.11.02"]
[EventType "swiss"]
[EventCountry "LAT"]
[SourceTitle "playchess.com"]
[Source "ChessBase"]
[SourceQuality "1"]

1. e4 c5 2. Nf3 e6 3. Nc3 Nc6 4. d4 cxd4 5. Nxd4 Qc7 6. Be2 a6 7. O-O Nf6 8.
Be3 Be7 9. f4 d6 10. a4 O-O 11. Kh1 Bd7 12. Nb3 Nb4 13. a5 Rac8 14. Bb6 Qb8 15.
Bd3 Bc6 16. Qe2 d5 17. e5 Ne4 18. Nd4 Nxc3 19. Bxh7+ Kxh7 20. Qh5+ Kg8 21. Rf3
Ne4 22. Nxc6 Rxc6 23. Rh3 f5 24. Qg6 Qe8 25. Qh7+ Kf7 26. Qh5+ Kg8 27. Qh7+ Kf7
28. Qh5+ Kg8 1/2-1/2

[Event "Lindores Abbey Tal Blitz 2021"]
[Site "Riga"]
[Date "2021.11.08"]
[Round "10.37"]
[White "Kuybokarov, Temur"]
[Black "Neiksans, Arturs"]
[Result "1-0"]
[WhiteElo "2549"]
[BlackElo "2575"]
[Annotator "ChessBase"]
[PlyCount "71"]
[EventDate "2021.11.02"]
[EventType "swiss"]
[EventCountry "LAT"]
[SourceTitle "playchess.com"]
[Source "ChessBase"]
[SourceQuality "1"]

1. e4 c5 2. Nf3 e6 3. d4 cxd4 4. Nxd4 Nc6 5. Nc3 Qc7 6. Be3 a6 7. Qf3 Nf6 8.
O-O-O h5 9. Nxc6 bxc6 10. Bc4 Be7 11. Rhe1 a5 12. Qg3 Qxg3 13. hxg3 Ng4 14. Bb6
Rb8 15. Na4 d5 16. Bb3 Ba6 17. f3 Nf6 18. Bxa5 O-O 19. Rh1 dxe4 20. fxe4 g6 21.
Nc3 Bc5 22. Kb1 Ng4 23. Na4 Bf2 24. Rd7 Ne5 25. Rd2 Bxg3 26. Nc5 Ra8 27. Bc3
Ng4 28. Nxe6 Rfe8 29. Ng5 Re7 30. Rhd1 Be5 31. Bb4 Rb7 32. Bc5 Nh6 33. Rd8+
Rxd8 34. Rxd8+ Kg7 35. Bf8+ Kf6 36. Nh7# 1-0

[Event "Lindores Abbey Tal Blitz 2021"]
[Site "Riga"]
[Date "2021.11.08"]
[Round "10.38"]
[White "Cheparinov, Ivan"]
[Black "Padmini, Rout"]
[Result "1-0"]
[WhiteElo "2677"]
[BlackElo "2353"]
[Annotator "ChessBase"]
[PlyCount "51"]
[EventDate "2021.11.02"]
[EventType "swiss"]
[EventCountry "LAT"]
[SourceTitle "playchess.com"]
[Source "ChessBase"]
[SourceQuality "1"]

1. d4 Nf6 2. c4 g6 3. Nc3 d5 4. cxd5 Nxd5 5. e4 Nxc3 6. bxc3 Bg7 7. Bc4 c5 8.
Ne2 O-O 9. O-O Nc6 10. Be3 Qc7 11. Rc1 Rd8 12. h4 b6 13. h5 Bg4 14. hxg6 hxg6
15. f3 Bc8 16. Nf4 Na5 17. Bd5 Bb7 18. Qe1 Bxd5 19. Nxd5 Qb7 20. Qh4 e6 21.
Nf6+ Kf8 22. e5 Nc6 23. Qh7 cxd4 24. cxd4 Bxf6 25. exf6 Ke8 26. Qg8+ 1-0

[Event "Lindores Abbey Tal Blitz 2021"]
[Site "Riga"]
[Date "2021.11.08"]
[Round "10.39"]
[White "Kryvoruchko, Yuriy"]
[Black "Gunina, Valentina"]
[Result "1-0"]
[WhiteElo "2681"]
[BlackElo "2480"]
[Annotator "ChessBase"]
[PlyCount "81"]
[EventDate "2021.11.02"]
[EventType "swiss"]
[EventCountry "LAT"]
[SourceTitle "playchess.com"]
[Source "ChessBase"]
[SourceQuality "1"]

1. e4 c6 2. d4 d5 3. e5 c5 4. c3 Nc6 5. Nf3 a6 6. Be2 Bg4 7. O-O e6 8. Be3 Nh6
9. dxc5 Nf5 10. Bd4 Qc7 11. Re1 Be7 12. Nbd2 O-O 13. h3 Bxf3 14. Nxf3 Nfxd4 15.
cxd4 b6 16. cxb6 Qxb6 17. b3 Bb4 18. Rf1 Rfc8 19. Qd3 h6 20. Rfd1 Ba3 21. Qd2
Nb4 22. Bd3 Rc7 23. g4 Rac8 24. g5 Nxd3 25. Qxd3 Rc3 26. Qe2 hxg5 27. Nxg5 Be7
28. h4 g6 29. Kg2 Kg7 30. Rd3 Rxd3 31. Qxd3 Rh8 32. Rh1 a5 33. Qe3 Qc7 34. Rc1
Qb6 35. Qf4 Rf8 36. Rc3 Qb4 37. Rf3 Bxg5 38. hxg5 Qe1 39. Qf6+ Kg8 40. Rh3 Qe4+
41. Kh2 1-0

[Event "Lindores Abbey Tal Blitz 2021"]
[Site "Riga"]
[Date "2021.11.08"]
[Round "10.40"]
[White "Cori T., Deysi"]
[Black "Vokhidov, Shamsiddin"]
[Result "0-1"]
[WhiteElo "2396"]
[BlackElo "2521"]
[Annotator "ChessBase"]
[PlyCount "81"]
[EventDate "2021.11.02"]
[EventType "swiss"]
[EventCountry "LAT"]
[SourceTitle "playchess.com"]
[Source "ChessBase"]
[SourceQuality "1"]

1. d4 Nf6 2. Nf3 d5 3. c4 e6 4. e3 b6 5. Bd3 Bb7 6. O-O Bd6 7. Nbd2 O-O 8. Qe2
Ne4 9. b3 Nd7 10. Bb2 Qe7 11. Ne5 Bxe5 12. dxe5 Nxd2 13. Qxd2 dxc4 14. Bxc4
Rad8 15. Qe2 Qg5 16. f4 Qg6 17. Ba3 Rfe8 18. Rad1 Nb8 19. Bb5 c6 20. Bd3 Qh6
21. Be4 Ba6 22. Rxd8 Rxd8 23. Rd1 Re8 24. Qd2 f5 25. Bf3 Qg6 26. Qc2 Qf7 27.
Rd6 Bb7 28. b4 c5 29. bxc5 Bxf3 30. gxf3 bxc5 31. Qxc5 Qb7 32. Kf2 Rc8 33. Qd4
Qe7 34. Bc5 Qe8 35. Qc4 Nd7 36. Rxe6 Qf7 37. Qd5 Nxc5 38. Rd6 Qxd5 39. Rxd5 Kf7
40. Rd6 Rc7 41. Ke2 0-1

[Event "Lindores Abbey Tal Blitz 2021"]
[Site "Riga"]
[Date "2021.11.08"]
[Round "10.42"]
[White "Jumabayev, Rinat"]
[Black "Muzychuk, Mariya"]
[Result "0-1"]
[WhiteElo "2658"]
[BlackElo "2536"]
[Annotator "ChessBase"]
[PlyCount "86"]
[EventDate "2021.11.02"]
[EventType "swiss"]
[EventCountry "LAT"]
[SourceTitle "playchess.com"]
[Source "ChessBase"]
[SourceQuality "1"]

1. Nf3 Nf6 2. g3 g6 3. Bg2 Bg7 4. c4 c6 5. b3 O-O 6. Bb2 d5 7. O-O Nbd7 8. d4
Ne4 9. e3 a5 10. a4 b6 11. Na3 Ba6 12. Rc1 Rc8 13. Re1 Re8 14. Rc2 e6 15. Qa1
Qe7 16. Rec1 c5 17. cxd5 exd5 18. Nb5 Bxb5 19. axb5 Nd6 20. Bf1 Ne4 21. Qb1 h5
22. Rd1 Qe6 23. dxc5 Ndxc5 24. Nd4 Qd6 25. Bg2 h4 26. Ne2 hxg3 27. hxg3 Rcd8
28. Nf4 Bxb2 29. Rxd5 Qf6 30. Qxb2 Rxd5 31. Nxd5 Qd6 32. Qd4 Nxb3 33. Qd1 Nbc5
34. Rc4 Nf6 35. Rd4 Nxd5 36. Bxd5 Qe5 37. Qg4 Kg7 38. Bc4 a4 39. Rf4 Re7 40.
Kg2 a3 41. Qd1 Ra7 42. Qd2 Qb2 43. Qxb2+ axb2 0-1

[Event "Lindores Abbey Tal Blitz 2021"]
[Site "Riga"]
[Date "2021.11.08"]
[Round "10.43"]
[White "Stefanova, Antoaneta"]
[Black "Javakhishvili, Lela"]
[Result "1-0"]
[WhiteElo "2475"]
[BlackElo "2446"]
[Annotator "ChessBase"]
[PlyCount "91"]
[EventDate "2021.11.02"]
[EventType "swiss"]
[EventCountry "LAT"]
[SourceTitle "playchess.com"]
[Source "ChessBase"]
[SourceQuality "1"]

1. d4 e6 2. Nf3 c5 3. e3 Nf6 4. Bd3 d5 5. b3 Nc6 6. Bb2 b6 7. O-O Bb7 8. Ne5
Nxe5 9. dxe5 Nd7 10. c4 dxc4 11. Bxc4 Qc7 12. f4 a6 13. a4 Be7 14. Nc3 O-O 15.
Qe2 g6 16. Bd3 Nb8 17. Ne4 Bxe4 18. Bxe4 Nc6 19. Qf3 Rac8 20. g4 Na5 21. f5
Nxb3 22. Rad1 Bg5 23. Rd6 c4 24. Bc3 Nc5 25. Bc2 Nb7 26. Rd2 Na5 27. Qg3 Qc5
28. Bd4 Qc6 29. f6 Rfd8 30. h4 Bh6 31. g5 Bf8 32. h5 Nb3 33. Bxb3 cxb3 34. hxg6
fxg6 35. f7+ Kh8 36. Rh2 h5 37. gxh6 Qe4 38. Rh4 Qd3 39. h7 Rxd4 40. Rxd4 Qc2
41. Qg5 b2 42. Qf6+ Bg7 43. Rd8+ Rxd8 44. Qxd8+ Kxh7 45. Qh4+ Bh6 46. f8=Q 1-0

[Event "Lindores Abbey Tal Blitz 2021"]
[Site "Riga"]
[Date "2021.11.08"]
[Round "10.44"]
[White "Hovhannisyan, Robert"]
[Black "Arabidze, Meri"]
[Result "1-0"]
[WhiteElo "2622"]
[BlackElo "2441"]
[Annotator "ChessBase"]
[PlyCount "63"]
[EventDate "2021.11.02"]
[EventType "swiss"]
[EventCountry "LAT"]
[SourceTitle "playchess.com"]
[Source "ChessBase"]
[SourceQuality "1"]

1. e4 c5 2. Nf3 e6 3. d4 cxd4 4. Nxd4 Nc6 5. Nc3 Qc7 6. Nxc6 bxc6 7. Bd3 Nf6 8.
O-O d5 9. exd5 cxd5 10. Nb5 Qb8 11. Qf3 Bd6 12. Nxd6+ Qxd6 13. Bf4 Qe7 14. Be5
a5 15. c4 Bb7 16. Qg3 dxc4 17. Bxc4 Rd8 18. Bb5+ Kf8 19. Rfd1 Bd5 20. b3 h5 21.
Rd4 Ng4 22. Bc7 Rd7 23. Bxd7 Qxd7 24. h3 Nf6 25. Qd6+ Qxd6 26. Bxd6+ Ke8 27.
Rc1 Kd7 28. Be5 Ne8 29. Rc5 f6 30. Bg3 g5 31. h4 Ng7 32. Rc7+ 1-0

[Event "Lindores Abbey Tal Blitz 2021"]
[Site "Riga"]
[Date "2021.11.08"]
[Round "10.45"]
[White "Rakhmanov, Aleksandr"]
[Black "Divya Deshmukh"]
[Result "0-1"]
[WhiteElo "2650"]
[BlackElo "2310"]
[Annotator "ChessBase"]
[PlyCount "128"]
[EventDate "2021.11.02"]
[EventType "swiss"]
[EventCountry "LAT"]
[SourceTitle "playchess.com"]
[Source "ChessBase"]
[SourceQuality "1"]

1. c4 Nf6 2. Nc3 e5 3. g3 d5 4. cxd5 Nxd5 5. Bg2 Be6 6. Nf3 Nc6 7. O-O Be7 8.
d4 exd4 9. Nxd4 Nxc3 10. bxc3 Nxd4 11. cxd4 c6 12. Rb1 Qd7 13. Qc2 O-O 14. Rd1
Rac8 15. a3 b5 16. Bb2 Bh3 17. Bxh3 Qxh3 18. e3 Qe6 19. Qe2 Rfd8 20. Qf3 Qb3
21. Qg4 Qe6 22. Qe2 h6 23. Ra1 a5 24. Rdb1 b4 25. axb4 axb4 26. Ra6 Ra8 27. Rc1
Rxa6 28. Qxa6 Qb3 29. Ba1 c5 30. Qa7 Bf8 31. Qa5 Rd5 32. Qa6 Qa3 33. Qxa3 bxa3
34. Kf1 cxd4 35. Bxd4 Rb5 36. Ke2 g6 37. Kd3 Bg7 38. Ra1 Bxd4 39. exd4 Rb3+ 40.
Kc4 Rf3 41. Ra2 Kf8 42. Re2 Rf5 43. d5 Rf6 44. Kb5 Rf3 45. Kc6 Rc3+ 46. Kd7 Rb3
47. d6 Rb2 48. Re8+ Kg7 49. Ra8 a2 50. f4 Kf6 51. h3 Rd2 52. Ra5 g5 53. fxg5+
hxg5 54. Ra3 Ke5 55. Ra5+ Kf6 56. Ra3 Ke5 57. Ke7 Rxd6 58. Rxa2 Rd3 59. Ra5+
Ke4 60. Rxg5 f5 61. h4 f4 62. Rg4 Rxg3 63. Rg5 Rxg5 64. hxg5 Ke5 0-1

[Event "Lindores Abbey Tal Blitz 2021"]
[Site "Riga"]
[Date "2021.11.08"]
[Round "10.46"]
[White "Rakotomaharo, Fy Antenaina"]
[Black "Donchenko, Alexander"]
[Result "0-1"]
[WhiteElo "2487"]
[BlackElo "2645"]
[Annotator "ChessBase"]
[PlyCount "119"]
[EventDate "2021.11.02"]
[EventType "swiss"]
[EventCountry "LAT"]
[SourceTitle "playchess.com"]
[Source "ChessBase"]
[SourceQuality "1"]

1. e4 c6 2. d4 d5 3. e5 Bf5 4. h4 h5 5. Bd3 Bxd3 6. Qxd3 Qa5+ 7. b4 Qa6 8. Qb3
e6 9. Ne2 Ne7 10. Nd2 Nf5 11. Nf3 Nd7 12. a4 Qc4 13. Qxc4 dxc4 14. Bd2 Nb6 15.
Ng3 Nxg3 16. fxg3 Nd5 17. c3 a5 18. bxa5 Rxa5 19. Ke2 Kd7 20. Rhb1 b6 21. Kd1
Be7 22. Kc2 Rha8 23. Bg5 Rxa4 24. Rxa4 Rxa4 25. Bxe7 Kxe7 26. Nd2 Ne3+ 27. Kb2
Nxg2 28. Ne4 Ne3 29. Nd6 b5 30. Ne4 Ra8 31. Re1 Nf5 32. Rg1 f6 33. exf6+ gxf6
34. Nc5 Kf7 35. Re1 Re8 36. Ra1 Nxg3 37. Ra7+ Re7 38. Ra6 Rc7 39. Ra8 Nf5 40.
Na6 Re7 41. Nb4 Rc7 42. Na6 Rd7 43. Nb4 Nxh4 44. Nxc6 Ng6 45. Nd8+ Ke7 46. Nc6+
Kd6 47. Ra6 Kc7 48. Nb4 Nf4 49. Ra8 h4 50. Rh8 h3 51. Rh4 e5 52. dxe5 fxe5 53.
Ka3 Rg7 54. Na6+ Kb6 55. Rh6+ Ka7 56. Nb4 Rg6 57. Rh7+ Kb6 58. Nc2 Rg5 59. Kb4
Rh5 60. Rg7 0-1

[Event "Lindores Abbey Tal Blitz 2021"]
[Site "Riga"]
[Date "2021.11.08"]
[Round "10.47"]
[White "Sethuraman, S.P.."]
[Black "Buksa, Nataliya"]
[Result "1-0"]
[WhiteElo "2620"]
[BlackElo "2410"]
[Annotator "ChessBase"]
[PlyCount "179"]
[EventDate "2021.11.02"]
[EventType "swiss"]
[EventCountry "LAT"]
[SourceTitle "playchess.com"]
[Source "ChessBase"]
[SourceQuality "1"]

1. e4 c5 2. Nf3 Nc6 3. Bb5 g6 4. O-O Bg7 5. c3 Nf6 6. Re1 O-O 7. d4 d5 8. e5
Ne4 9. Bxc6 bxc6 10. Be3 cxd4 11. cxd4 Rb8 12. Qc1 Bf5 13. Nbd2 Qd7 14. Nxe4
Bxe4 15. Nd2 Bf5 16. Qc3 f6 17. Bf4 g5 18. e6 Bxe6 19. Bxb8 Rxb8 20. Qe3 Kf7
21. Nb3 Bf5 22. Nc5 Qd6 23. Qa3 a5 24. Qxa5 Rxb2 25. Qa3 Rb8 26. Qc3 Bc8 27. a4
e5 28. Rad1 exd4 29. Qxd4 Bf8 30. Ne4 Qd8 31. Nc3 Rb4 32. Qd3 Kg7 33. Ra1 Bc5
34. a5 Qc7 35. Re2 Qa7 36. a6 Rf4 37. Raa2 Rd4 38. Qb1 Rc4 39. Nd1 Rb4 40. Rab2
Rxb2 41. Rxb2 Qxa6 42. Qc2 Bd4 43. Rb1 Be5 44. Ne3 Bd7 45. h3 Qa7 46. Nf5+ Kf7
47. Ne3 Kg7 48. Rd1 Qb6 49. Qd3 Be6 50. Rb1 Qa7 51. g3 Qd7 52. g4 c5 53. Nf5+
Bxf5 54. Qxf5 Qxf5 55. gxf5 c4 56. Kf1 d4 57. Ke2 Kh6 58. Rb7 Bf4 59. Rd7 d3+
60. Kd1 g4 61. hxg4 Kg5 62. f3 h6 63. Rd4 h5 64. gxh5 Be5 65. Rxc4 Kxh5 66. Rg4
Bc3 67. Rg6 Kh4 68. Rg4+ Kh5 69. Rg8 Kh4 70. Rd8 Kg5 71. Rxd3 Be5 72. Ke2 Kxf5
73. Ra3 Kf4 74. Ra4+ Kf5 75. Ke3 Bg3 76. f4 Be1 77. Kf3 Bd2 78. Rd4 Bc3 79.
Rd5+ Ke6 80. Rc5 Bd4 81. f5+ Kd6 82. Ra5 Bc3 83. Rb5 Kc6 84. Rb8 Kd5 85. Re8
Ba1 86. Kg4 Be5 87. Kh5 Ke4 88. Kg6 Kf4 89. Re6 Bb2 90. Rxf6 1-0

[Event "Lindores Abbey Tal Blitz 2021"]
[Site "Riga"]
[Date "2021.11.08"]
[Round "10.48"]
[White "Shuvalova, Polina"]
[Black "Girya, Olga"]
[Result "1/2-1/2"]
[WhiteElo "2515"]
[BlackElo "2402"]
[Annotator "ChessBase"]
[PlyCount "110"]
[EventDate "2021.11.02"]
[EventType "swiss"]
[EventCountry "LAT"]
[SourceTitle "playchess.com"]
[Source "ChessBase"]
[SourceQuality "1"]

1. e4 e5 2. Nf3 Nc6 3. Bb5 a6 4. Ba4 Nf6 5. d3 Bc5 6. O-O d6 7. c3 O-O 8. Nbd2
Ba7 9. h3 Nh5 10. Re1 Qf6 11. Nf1 Nf4 12. Bxc6 bxc6 13. d4 h6 14. Be3 Bb6 15.
Ng3 Ng6 16. Kh2 a5 17. Qd2 Nf4 18. Ng1 g5 19. Rad1 Qg6 20. dxe5 dxe5 21. c4 a4
22. Bxb6 cxb6 23. Nf3 Re8 24. Qb4 c5 25. Qc3 Qe6 26. Nf5 Ba6 27. b3 Rad8 28.
Rxd8 Rxd8 29. Nxe5 f6 30. Ng4 Rd3 31. Qxf6 Qxf6 32. Nxf6+ Kf7 33. Nd5 axb3 34.
axb3 Rxb3 35. Nxf4 gxf4 36. Ra1 Bxc4 37. Nd6+ Ke6 38. Nxc4 b5 39. Ra6+ Ke7 40.
Nd6 c4 41. Rb6 c3 42. Nf5+ Kd7 43. Nd4 Rb2 44. e5 c2 45. Nxc2 Rxc2 46. Rxb5
Rxf2 47. Rb6 f3 48. Kg3 Rxg2+ 49. Kxf3 Rg5 50. Kf4 Rh5 51. Rb3 Ke6 52. Rg3 Rf5+
53. Kg4 Rxe5 54. Rf3 Rg5+ 55. Kh4 Rf5 1/2-1/2

[Event "Lindores Abbey Tal Blitz 2021"]
[Site "Riga"]
[Date "2021.11.08"]
[Round "10.49"]
[White "Lujan, Carolina"]
[Black "Assaubayeva, Bibisara"]
[Result "0-1"]
[WhiteElo "2340"]
[BlackElo "2400"]
[Annotator "NA"]
[PlyCount "71"]
[EventDate "2021.11.02"]
[EventType "swiss"]
[EventCountry "LAT"]
[SourceTitle "playchess.com"]
[Source "ChessBase"]
[SourceQuality "1"]

1. e4 c5 2. Nf3 d6 3. g3 Nf6 4. d3 g6 5. Bg2 Bg7 6. O-O O-O 7. c3 Nc6 8. Re1
Rb8 9. d4 cxd4 10. cxd4 Bg4 11. Nc3 Nd7 12. Be3 e5 13. d5 Nd4 14. h3 Bxf3 15.
Bxf3 b5 16. Bg2 f5 17. exf5 gxf5 18. Bxd4 exd4 19. Ne2 d3 20. Qxd3 Bxb2 21.
Rab1 Nc5 22. Qc2 Bg7 23. Nf4 Qf6 24. Qe2 b4 25. Qh5 Qf7 26. Qf3 Bc3 27. Red1
Rfe8 28. h4 a5 29. Nd3 Ne4 30. Qf4 Qf6 31. Bh3 Rf8 32. f3 Be5 33. Nxe5 dxe5 34.
Qxf5 Qb6+ 35. Kh2 Qf2+ 36. Bg2 0-1

[Event "Lindores Abbey Tal Blitz 2021"]
[Site "Riga"]
[Date "2021.11.08"]
[Round "10.50"]
[White "Badelka, Olga"]
[Black "Batsiashvili, Nino"]
[Result "0-1"]
[WhiteElo "2438"]
[BlackElo "2491"]
[Annotator "ChessBase"]
[PlyCount "98"]
[EventDate "2021.11.02"]
[EventType "swiss"]
[EventCountry "LAT"]
[SourceTitle "playchess.com"]
[Source "ChessBase"]
[SourceQuality "1"]

1. c4 e6 2. Nc3 d5 3. d4 Bb4 4. a3 Bxc3+ 5. bxc3 Nf6 6. e3 c5 7. cxd5 exd5 8.
Bd3 O-O 9. Ne2 b6 10. O-O Ba6 11. f3 Re8 12. Ng3 Bxd3 13. Qxd3 h5 14. Ra2 Nc6
15. Rd2 Qd7 16. Re1 h4 17. Nh1 h3 18. g4 Nxg4 19. fxg4 Qxg4+ 20. Ng3 cxd4 21.
cxd4 Re6 22. Qf5 Qh4 23. Qxd5 Rd8 24. Qh5 Qxh5 25. Nxh5 Rxd4 26. Ng3 Ra4 27.
Bb2 Ne5 28. Bxe5 Rxe5 29. Rd8+ Kh7 30. Rd3 Rea5 31. Ra1 b5 32. Ne2 b4 33. Nd4
bxa3 34. Ra2 Rg5+ 35. Kf1 Rb4 36. Rd1 Rb2 37. Rxb2 axb2 38. Rb1 Rg2 39. Nf3 g5
40. Ne1 Rxh2 41. Kg1 Re2 42. Kf1 Rh2 43. Kg1 Rd2 44. Nf3 Rg2+ 45. Kh1 g4 46.
Ne5 Rc2 47. Nd3 g3 48. Rxb2 Rc3 49. Nf4 Rc1# 0-1

[Event "Lindores Abbey Tal Blitz 2021"]
[Site "Riga"]
[Date "2021.11.08"]
[Round "10.51"]
[White "Firat, Burak"]
[Black "Maltsevskaya, Aleksandra"]
[Result "1-0"]
[WhiteElo "2480"]
[BlackElo "2411"]
[Annotator "ChessBase"]
[PlyCount "64"]
[EventDate "2021.11.02"]
[EventType "swiss"]
[EventCountry "LAT"]
[SourceTitle "playchess.com"]
[Source "ChessBase"]
[SourceQuality "1"]

1. d4 Nf6 2. c4 g6 3. Nc3 Bg7 4. e4 d6 5. f3 O-O 6. Nge2 Nc6 7. Be3 a6 8. d5
Na5 9. Ng3 c5 10. Be2 h5 11. O-O Nd7 12. Qd2 b5 13. cxb5 axb5 14. Bxb5 Ba6 15.
Bxa6 Rxa6 16. Bh6 Nc4 17. Qc1 Bd4+ 18. Kh1 Re8 19. b3 Qa5 20. Nge2 Nce5 21. Qc2
Rc8 22. h3 Bxc3 23. Nxc3 c4 24. b4 Qxb4 25. Rab1 Qc5 26. Qd2 Nd3 27. Be3 Qc7
28. Bd4 N7e5 29. f4 Nd7 30. a4 Rca8 31. Qe3 N3c5 32. e5 Nxa4 1-0